LEADER 01239nam a2200277 a 4500 001 000000120768 003 CaOOAMICUS 005 20100317122740.0 008 100317t2010 enk u000 u eng r 020 $a978-0-521-69754-5 040 $aPUL$bita$dReb 245 04$aThe Cambridge companion to ancient scepticism /$cEdited by Richard Bett. 260 $aCambridge :$bCambridge University Press,$c©2010. 300 $axii, 380 p. ;$c23 cm 490 1 $aCambridge companion to philosophy 504 $aBibliografia p. 314-345. 650 4$aScetticismo.$0(OLS)http://pul/subject/8722 650 4$aScettici (filosofia greca).$0(OLS)http://pul/subject/4785 700 1 $aBett, Richard.$0(OLS)http://pul/name/75571 830 0$aCambridge companion to philosophy.$0(OLS)http://pul/title/151261 850 $aPUL 852 $aPUL$W1$xSL Filosofia 2$y80$mPhil A8 103$j138428$qStampati Altre Collocazioni$B137651$CPULBib$Z2$F137651 $H113045 $82 941 1 $a10 996 $6020$a978-0-521-69754-5$9(OLS)http://pul/number/143613 996 $6245$aThe Cambridge companion to ancient scepticism$9(OLS)http://pul/title/151891 996 $6260$aCambridge :$bCambridge University Press$9(OLS)http://pul/publisher/50125 LEADER 01623nam a2200325 a 4500 001 000000173132 003 CaOOAMICUS 005 20200131125011.0 008 200131s2018 it u000 u ita r 020 $a978-88-288-0312-6* 032 $aLibriCat 040 $aPUL$bita 100 1 $aDondi, Angelo.$0(OLS)http://pul/name/111205 245 10$aProcessi civili in evoluzione : $buna prospettiva comparata / $cAngelo Dondi, Vincenzo Ansanelli, Paolo Comoglio ; coordinamento scientifico di Angelo Dondi ; prefazione di Michele Taruffo. 250 $a2a edizione 260 $aMilano :$bGiuffrè Francis Lefebvre,$c©2018. 300 $aXXIII, 392 p. ;$c24 cm 504 $aBibliografia in nota. 650 4$aDiritto processuale comparato.$0(OLS)http://pul/subject/26507 700 1 $aComoglio, Paolo.$0(OLS)http://pul/name/111207 700 1 $aAnsanelli, Vincenzo.$0(OLS)http://pul/name/111206 700 1 $aTaruffo, Michele,$d1943-2020.$0(OLS)http://pul/name/32707 850 $aPUL 852 $aPUL$W1$xSL Diritto e Scienze Sociali 3$y79$m347. 05 DONAN 1$j197106$qDDC 21$B201894$CPULBib$Z2$F201894 $H133912 $82 852 $aPUL$W1$xDP2 Diritto e Scienze Sociali 3$y110$m347. 05 DONAN 1B$j200901$qDDC 21$B205858$CPULBib$Z2$F205858 $H137111 $82 941 1 $a9 996 $6020$a978-88-288-0312-6*$9(OLS)http://pul/number/167125 996 $6245$aProcessi civili in evoluzione : $buna prospettiva comparata / $9(OLS)http://pul/title/214192 996 $6260$aMilano :$bGiuffrè Francis Lefebvre$9(OLS)http://pul/publisher/86917